Highest Capital Cities - Statistics

General Stats
  • This quiz has been taken 17 times
  • The average score is 18 of 30
Answer Stats
Continent Elevation (m) Elevation (ft) Capital City % Correct
South America 2,625 8,612 Bogotá
100%
South America 2,850 9,350 Quito
100%
South America 3,640 11,942 La Paz
93%
South America 2,790 9,220 Sucre
93%
Africa 2,355 7,726 Addis Ababa
86%
Asia 1,400 4,593 Kathmandu
79%
Africa 1,120 3,675 Dodoma
71%
Asia 1,790 5,873 Kabul
71%
Africa 1,190 3,904 Kampala
71%
North America 2,240 7,350 Mexico City
71%
Africa 1,680 5,550 Nairobi
71%
Asia 2,334 7,657 Thimphu
71%
Africa 1,567 5,141 Kigali
64%
Africa 2,325 7,628 Asmara
57%
South America 1,079 3,540 Brasília
57%
Africa 1,270 4,167 Lusaka
57%
Africa 1,673 5,489 Maseru
57%
Africa 1,271 4,170 Pretoria
57%
Asia 1,830 6,003 Tehran
57%
North America 1,529 5,016 Guatemala City
50%
Africa 1,024 3,360 Lilongwe
50%
Africa 1,721 5,646 Windhoek
50%
Africa 1,243 4,078 Mbabane
43%
North America 1,146 3,760 San José
43%
Africa 1,504 4,934 Gitega
36%
Africa 1,483 4,865 Harare
29%
Asia 2,250 7,382 Sanaa
29%
Europe 1,023 3,356 Andorra la Vella
21%
Africa 1,288 4,226 Antananarivo
21%
Asia 1,350 4,429 Ulanbaatar
14%
No matching quizzes found
Score Distribution
Percent of People with Each Score
Percentile by Number Answered
Your Score History
You have not taken this quiz